Český etymologický slovník /

Hlavní autor: Rejzek, Jiří, 1964-
Jazyk: Čeština
Vydáno: Voznice : Leda, 2001
Vydání: Vyd. 1.
Témata:
Fyzický popis: 752 s. ; 21 cm
Knihy
Uloženo v:
LEADER 01089nam a2200325 a 4500
001 000564419
003 CZ BrMZK
005 20220112171448.0
007 ta
008 010907s2001 xr e d cze d
015 |a cnb001001783 
020 |a 80-85927-85-3 
040 |a BOA001  |b cze 
072 7 |a 811.162.3  |x Čeština  |2 Konspekt  |9 11 
080 |a 811.162.3  |2 MRF 
080 |a 81'373.6  |2 MRF 
080 |a (038)81  |2 MRF 
100 1 |a Rejzek, Jiří,  |d 1964-  |7 mzk2004243743  |4 aut 
245 1 0 |a Český etymologický slovník /  |c Jiří Rejzek 
250 |a Vyd. 1. 
260 |a Voznice :  |b Leda,  |c 2001 
300 |a 752 s. ;  |c 21 cm 
504 |a Obsahuje bibliografii 
650 0 7 |a čeština  |7 ph135292  |2 czenas 
650 0 7 |a etymologie  |7 ph135251  |2 czenas 
655 7 |a etymologické slovníky  |7 fd132220  |2 czenas 
910 |a BOA001  |b 2-1087.593 
990 |a BK 
996 6 |b 2610138035  |c 2-1087.593  |l MZK  |r Sklad / do 1 hodiny  |n 31  |p p.v.  |w 000564419  |u 000010  |a 1  |e BOA001  |j MZK50  |s P 
996 7 |b 2610140946  |c 2-1087.593  |l Vol.výběr  |r VV 1p  |n 81  |p kup  |h 811.162.3 REJ  |w 000564419  |u 000020  |a 0  |e BOA001  |j MZK50  |s A